00302nam a2200121Ia 4500008004100000041001200041082002200053100002000075245004900095260001600144300000800160650001200168231217s9999 xx 000 0 und d aEnglish a001.6424 MEH `R' aMehta, Subhash. 2aA practical guide to Ventura 4.0 for Windows c1992bS K W a148 aVentura